Física para ciencias e ingeniería
Guardat en:
| Autors principals: | , |
|---|---|
| Format: | Llibre |
| Idioma: | espanyol |
| Publicat: |
Cuernavaca, México.
Cengage Learning,
2018
|
| Edició: | 10a. ed. |
| Matèries: | |
| Accés en línia: | v.1-v.2 Disponibles Online |
| Etiquetes: |
Afegir etiqueta
Sense etiquetes, Sigues el primer a etiquetar aquest registre!
|
MARC
| LEADER | 00000cam a2200000 a 4500 | ||
|---|---|---|---|
| 001 | UCC8801 | ||
| 003 | CL-VaPUC | ||
| 005 | 20241014161955.0 | ||
| 008 | 190814e20180000mx |||||||||||||||||spa|d | ||
| 999 | |c 375051 |d 375049 | ||
| 020 | |a 9786075266695 v.1 | ||
| 020 | |a 9786075266701 v.2 | ||
| 020 | |a 9781337553582 | ||
| 040 | |c Pontificia Universidad Católica de Valparaíso | ||
| 082 | 0 | 4 | |a 530 SER 2018 |2 21 |
| 100 | 0 | |a Serway, Raymond A |e author |9 254 | |
| 245 | 1 | 0 | |a Física para ciencias e ingeniería |
| 250 | |a 10a. ed. | ||
| 260 | |a Cuernavaca, México. |b Cengage Learning, |c 2018 | ||
| 300 | |a 2 volúmenes | ||
| 583 | |a last modification |c 20190814 14:59:00 |k Rodrigo Vera | ||
| 650 | 0 | |a Física |2 CL-VaPUC |9 254835 | |
| 650 | 0 | |a Mecánica |9 260222 | |
| 650 | 0 | |a Termodinámica |x Temperatura |x Entropía |9 260336 | |
| 650 | 0 | |a Sonido |x Ondas sonoras |9 263171 | |
| 650 | 0 | |a Onda mecánica |x Onda electromagnética |9 891798 | |
| 650 | 0 | |a Electricidad |9 260222 | |
| 650 | 0 | |a Electromagnetismo |x Dieléctrico |9 892270 | |
| 650 | 0 | |a Óptica física |x Óptica geométrica |x Ojo humano |9 892271 | |
| 650 | 0 | |a Relatividad |9 269977 | |
| 700 | 0 | |a Jewett, John W |e author |9 603510 | |
| 852 | |a BIBCUR | ||
| 856 | 4 | |u http://bibliografiaobligatoria.pucv.cl.pucv.idm.oclc.org/index.php/bibliotecapucv/catalog/book/11 |y v.1-v.2 Disponibles Online | |
| 942 | |c BK |2 ddc | ||
| 945 | |d 20190814 14:59:00 |a dcastane | ||
| 952 | |0 0 |1 0 |2 ddc |3 erb |4 0 |6 530_000000000000000_SER_2018 |7 0 |8 A |9 493915 |a BIBCUR |b BIBCUR |d 2019-08-12 |e 11 |g 50000.00 |h v.1 |i 5558964 |l 13 |m 3 |o 530 SER 2018 |p 5558964 |r 2025-04-22 |s 2025-03-26 |w 2019-11-24 |y BK |z Catalogado en:20190814 |k FIS | ||
| 952 | |0 0 |1 0 |3 erb |4 0 |6 530_000000000000000_SER_2018 |7 0 |8 A |9 493916 |a BIBCUR |b BIBCUR |d 2019-08-12 |e 11 |g 50000.00 |h v.1 |i 5558972 |l 4 |o 530 SER 2018 |p 5558972 |r 2025-04-22 |s 2023-08-10 |w 2019-11-24 |y BK |z Catalogado en:20190814 |k FIS | ||
| 952 | |0 0 |1 0 |3 erb |4 0 |6 530_000000000000000_SER_2018 |7 0 |8 A |9 493917 |a BIBCUR |b BIBCUR |d 2019-08-12 |e 11 |g 50000.00 |h v.1 |i 5558980 |l 8 |o 530 SER 2018 |p 5558980 |r 2025-04-22 |s 2024-09-11 |w 2019-11-24 |y BK |z Catalogado en:20190814 |k FIS | ||
| 952 | |0 0 |1 0 |3 erb |4 0 |6 530_000000000000000_SER_2018 |7 0 |8 A |9 493918 |a BIBCUR |b BIBCUR |d 2019-08-12 |e 11 |g 50000.00 |h v.1 |i 5558999 |l 12 |m 3 |o 530 SER 2018 |p 5558999 |r 2025-04-22 |s 2024-06-18 |w 2019-11-24 |y BK |z Catalogado en:20190814 |k FIS | ||
| 952 | |0 0 |1 0 |3 erb |4 0 |6 530_000000000000000_SER_2018 |7 0 |8 A |9 493919 |a BIBCUR |b BIBCUR |d 2019-08-12 |e 11 |g 50000.00 |h v.1 |i 5559006 |l 9 |m 4 |o 530 SER 2018 |p 5559006 |r 2025-04-22 |s 2024-03-12 |w 2019-11-24 |y BK |z Catalogado en:20190814 |k FIS | ||
| 952 | |0 0 |1 0 |3 erb |4 0 |6 530_000000000000000_SER_2018 |7 0 |8 A |9 493920 |a BIBCUR |b BIBCUR |d 2019-08-12 |e 11 |g 50000.00 |h v.1 |i 5559014 |l 7 |m 2 |o 530 SER 2018 |p 5559014 |r 2025-04-22 |s 2024-11-18 |w 2019-11-24 |y BK |z Catalogado en:20190814 |k FIS | ||
| 952 | |0 0 |1 0 |3 erb |4 0 |6 530_000000000000000_SER_2018 |7 0 |8 A |9 493921 |a BIBCUR |b BIBCUR |d 2019-08-12 |e 11 |g 50000.00 |h v.1 |i 5559022 |l 9 |o 530 SER 2018 |p 5559022 |r 2025-04-22 |s 2024-08-27 |w 2019-11-24 |y BK |z Catalogado en:20190814 |k FIS | ||
| 952 | |0 0 |1 0 |3 erb |4 0 |6 530_000000000000000_SER_2018 |7 0 |8 A |9 493922 |a BIBCUR |b BIBCUR |d 2019-08-12 |e 11 |g 50000.00 |h v.1 |i 5559030 |l 10 |m 6 |o 530 SER 2018 |p 5559030 |r 2025-04-22 |s 2024-09-10 |w 2019-11-24 |y BK |z Catalogado en:20190814 |k FIS | ||
| 952 | |0 0 |1 0 |2 ddc |3 erb |4 0 |6 530_000000000000000_SER_2018 |7 0 |8 A |9 493923 |a BIBCUR |b BIBCUR |d 2019-08-12 |e 11 |g 50000.00 |h v.1 |i 5559049 |l 5 |m 2 |o 530 SER 2018 |p 5559049 |r 2025-04-22 |s 2023-05-10 |w 2019-11-24 |y BK |z Catalogado en:20190814 |k FIS | ||
| 952 | |0 0 |1 0 |3 erb |4 0 |6 530_000000000000000_SER_2018 |7 0 |8 A |9 493924 |a BIBCUR |b BIBCUR |d 2019-08-12 |e 11 |g 50000.00 |h v.1 |i 5559057 |l 8 |m 4 |o 530 SER 2018 |p 5559057 |r 2025-04-22 |s 2024-08-27 |w 2019-11-24 |y BK |z Catalogado en:20190814 |k FIS | ||
| 952 | |0 0 |1 0 |3 erb |4 0 |6 530_000000000000000_SER_2018 |7 0 |8 A |9 493925 |a BIBCUR |b BIBCUR |d 2019-08-12 |e 11 |g 50000.00 |h v.2 |i 5559065 |l 16 |o 530 SER 2018 |p 5559065 |r 2025-04-22 |s 2023-06-29 |w 2019-11-24 |y BK |z Catalogado en:20190814 |k FIS | ||
| 952 | |0 0 |1 0 |3 erb |4 0 |6 530_000000000000000_SER_2018 |7 0 |8 A |9 493926 |a BIBCUR |b BIBCUR |d 2019-08-12 |e 11 |g 50000.00 |h v.2 |i 5559073 |l 4 |o 530 SER 2018 |p 5559073 |r 2025-04-22 |s 2023-05-10 |w 2019-11-24 |y BK |z Catalogado en:20190814 |k FIS | ||
| 952 | |0 0 |1 0 |3 erb |4 0 |6 530_000000000000000_SER_2018 |7 0 |8 A |9 493927 |a BIBCUR |b BIBCUR |d 2019-08-12 |e 11 |g 50000.00 |h v.2 |i 5559081 |l 7 |o 530 SER 2018 |p 5559081 |r 2025-04-22 |s 2024-08-30 |w 2019-11-24 |y BK |z Catalogado en:20190814 |k FIS | ||
| 952 | |0 0 |1 0 |3 erb |4 0 |6 530_000000000000000_SER_2018 |7 0 |8 A |9 493928 |a BIBCUR |b BIBCUR |d 2019-08-12 |e 11 |g 50000.00 |h v.2 |i 555909K |l 2 |m 2 |o 530 SER 2018 |p 555909K |r 2025-04-22 |s 2023-03-24 |w 2019-11-24 |y BK |z Catalogado en:20190814 |k FIS | ||
| 952 | |0 0 |1 0 |3 erb |4 0 |6 530_000000000000000_SER_2018 |7 0 |8 A |9 493929 |a BIBCUR |b BIBCUR |d 2019-08-12 |e 11 |g 50000.00 |h v.2 |i 5559103 |l 4 |m 1 |o 530 SER 2018 |p 5559103 |r 2025-04-22 |s 2023-08-17 |w 2019-11-24 |y BK |z Catalogado en:20190814 |k FIS | ||
| 952 | |0 0 |1 0 |3 erb |4 0 |6 530_000000000000000_SER_2018 |7 0 |8 A |9 493930 |a BIBCUR |b BIBCUR |d 2019-08-12 |e 11 |g 50000.00 |h v.2 |i 5559111 |l 3 |o 530 SER 2018 |p 5559111 |r 2025-04-22 |s 2023-11-28 |w 2019-11-24 |y BK |z Catalogado en:20190814 |k FIS | ||
| 952 | |0 0 |1 0 |3 erb |4 0 |6 530_000000000000000_SER_2018 |7 0 |8 A |9 493931 |a BIBCUR |b BIBCUR |d 2019-08-12 |e 11 |g 50000.00 |h v.2 |i 555912K |l 4 |m 3 |o 530 SER 2018 |p 555912K |r 2025-04-22 |s 2022-10-20 |w 2019-11-24 |y BK |z Catalogado en:20190814 |k FIS | ||
| 952 | |0 0 |1 0 |3 erb |4 0 |6 530_000000000000000_SER_2018 |7 0 |8 A |9 493932 |a BIBCUR |b BIBCUR |d 2019-08-12 |e 11 |g 50000.00 |h v.2 |i 5559138 |l 10 |m 3 |o 530 SER 2018 |p 5559138 |r 2025-04-22 |s 2024-05-14 |w 2019-11-24 |y BK |z Catalogado en:20190814 |k FIS | ||
| 952 | |0 0 |1 0 |3 erb |4 0 |6 530_000000000000000_SER_2018 |7 0 |8 A |9 493933 |a BIBCUR |b BIBCUR |d 2019-08-12 |e 11 |g 50000.00 |h v.2 |i 5559146 |l 12 |m 10 |o 530 SER 2018 |p 5559146 |r 2025-04-22 |s 2025-03-19 |w 2019-11-24 |y BK |z Catalogado en:20190814 |k FIS | ||
| 952 | |0 0 |1 0 |3 erb |4 0 |6 530_000000000000000_SER_2018 |7 0 |8 A |9 493934 |a BIBCUR |b BIBCUR |d 2019-08-12 |e 11 |g 50000.00 |h v.2 |i 5559154 |l 15 |m 2 |o 530 SER 2018 |p 5559154 |r 2025-04-22 |s 2025-04-07 |w 2019-11-24 |y BK |z Catalogado en:20190814 |k FIS | ||